LEADER 00893nam1 2200325 450 001 990003036450203316 005 20071219112411.0 035 $a000303645 035 $aUSA01000303645 035 $a(ALEPH)000303645USA01 035 $a000303645 100 $a20071219f--------km-y0itay50------ba 101 $aita 102 $aIT 105 $a||||||||001yy 200 1 $aArchivio di Adolfo Venturi 210 $aPisa$cScuola normale superiore 215 $av.$d24 cm 410 0$12001 463 \1$1001990003036480203316$12001 $a<<4.>> : Incontri venturiani$e22 gennaio, 11 giugno 1991 600 1$aVenturi,$bAdolfo 676 $a709.2 801 0$aIT$bsalbc$gISBD 912 $a990003036450203316 951 $aXII.2.C$bL.M.$cXII.2. 959 $aBK 969 $aUMA 979 $aIANNONE$b90$c20071219$lUSA01$h1124 996 $aArchivio di Adolfo Venturi$91026252 997 $aUNISA LEADER 01012nam2 2200337 450 001 990003091120203316 005 20080407103112.0 035 $a000309112 035 $aUSA01000309112 035 $a(ALEPH)000309112USA01 035 $a000309112 100 $a20080407d1982----km-y0itay50------ba 105 $a||||||||001yy 200 1 $a> : American writing today$fedited by Richard Kostelanetz 210 $a[Washington, D. C.]$c[Voice of America]$d1982 215 $a318 p.$cill.$d21 cm 225 2 $aForum series 410 0$12001$aForum series 454 1$12001 461 1$1001000309110$12001$aedited by Richard Kostelanetz 606 0 $aLetteratura americana$xStoria e critica$z20 sec. 676 $a810.9 702 1$aKOSTELANETZ,$bRichard 801 0$aIT$bsalbc$gISBD 912 $a990003091120203316 951 $aII.8.B.156/2$b1691/2 DSLL 959 $aBK 969 $aDSLL 979 $aDSLL$b90$c20080407$lUSA01$h1031 996 $aAmerican writing today$91019605 997 $aUNISA